[Event "II Weekend"]
[Site "Lesa ITA"]
[Date "2013.09.21"]
[Round "2"]
[White "Naumkin, Igor"]
[Black "Fattorelli, Luciano"]
[WhiteElo "2461"]
[BlackElo "1928"]
[Result "1-0"]
[PlyCount "129"]
[EventDate "2013.09.20"]

1. d4 Nf6 2. c4 d6 3. Nc3 e5 4. Nf3 Nbd7 5. e4 g6 6. Be2 Bg7 7. O-O O-O 8. Be3
c6 9. d5 c5 10. Ne1 Kh8 11. Qd2 Ng8 12. Kh1 f5 13. exf5 gxf5 14. f4 Ne7 15. Nd3
Ng6 16. Rae1 b6 17. fxe5 Ndxe5 18. Nf4 Nxf4 19. Bxf4 Bd7 20. Bh6 Qf6 21. Bxg7+
Qxg7 22. b3 Rae8 23. Bh5 Re7 24. Ne2 Ng6 25. Bxg6 hxg6 26. Nf4 Rfe8 27. Rxe7
Rxe7 28. h4 Qf6 29. Kg1 Rh7 30. Qf2 Kg7 31. g3 g5 32. hxg5 Qxg5 33. Re1 Rh6 34.
Qe3 Kf7 35. Kg2 Qd8 36. Ne6 Qf6 37. Ng5+ Kf8 38. Re2 Rh5 39. Ne6+ Kg8 40. Nf4
Rh7 41. Qc1 Qg5 42. Qe1 Rg7 43. Qf2 Re7 44. Ne6 Qf6 45. Qe3 Rh7 46. Qf4 Bxe6
47. Qxd6 Bxd5+ 48. Qxd5+ Rf7 49. Re5 Kh7 50. Kf3 Qg6 51. Qe6 Qg4+ 52. Kg2 Qg6
53. Qxg6+ Kxg6 54. Kf3 Kf6 55. Kf4 Kg6 56. Re6+ Rf6 57. Re7 a5 58. Ke5 Rc6 59.
Re8 Kg5 60. Rf8 Kg4 61. Rxf5 Rg6 62. Rf6 Rg5+ 63. Kd6 Kxg3 64. Kc6 a4 65. bxa4
1-0

[Event "II Weekend"]
[Site "Lesa ITA"]
[Date "2013.09.21"]
[Round "2"]
[White "Nipote, Mario"]
[Black "Sirena, Gianni"]
[WhiteElo "1525"]
[BlackElo "2013"]
[Result "0-1"]
[PlyCount "64"]
[EventDate "2013.09.20"]

1. d4 Nf6 2. Nf3 g6 3. g3 Bg7 4. Bg2 O-O 5. c4 c5 6. Nc3 Na6 7. O-O d6 8. Bg5
h6 9. Bxf6 Bxf6 10. Qd2 Bg7 11. Rfd1 Bd7 12. b3 Bc6 13. e3 b6 14. Rab1 Nc7 15.
d5 Bd7 16. Ne1 a6 17. Nc2 b5 18. cxb5 axb5 19. Ne1 b4 20. Ne2 Nb5 21. Nc2 Rxa2
22. Qd3 Qa5 23. Rf1 Ra8 24. Nc1 Rxc2 25. Qxc2 Na3 26. Qa2 Nxb1 27. Qxb1 Bb5 28.
Rd1 Qa1 29. Qc2 Qc3 30. Be4 Ra1 31. Kg2 Qxc2 32. Bxc2 Bb2 0-1

[Event "II Weekend"]
[Site "Lesa ITA"]
[Date "2013.09.21"]
[Round "2"]
[White "Raineri, Valerio"]
[Black "Tortorella, Giancarlo"]
[WhiteElo "2125"]
[BlackElo "1853"]
[Result "1/2-1/2"]
[PlyCount "116"]
[EventDate "2013.09.20"]

1. e4 e5 2. Nf3 Nc6 3. Bb5 a6 4. Ba4 Nge7 5. d3 g6 6. Nbd2 Bg7 7. Nf1 O-O 8. h4
b5 9. Bb3 Na5 10. Ng3 Nxb3 11. axb3 d6 12. h5 Nc6 13. c3 Bg4 14. Qe2 Qf6 15.
Qe3 Qe6 16. hxg6 hxg6 17. Nh2 Qd7 18. Qg5 Be6 19. Qh4 f6 20. Bh6 Bxh6 21. Qxh6
Qg7 22. Qd2 Bxb3 23. Ng4 Kf7 24. Ke2 Rh8 25. Nh6+ Ke8 26. Rh2 Kd7 27. Rah1 Be6
28. d4 exd4 29. cxd4 Bc4+ 30. Ke1 Ne7 31. f4 Rhe8 32. Kf2 Kc8 33. Qc3 Be6 34.
f5 gxf5 35. Nhxf5 Bxf5 36. exf5 Kb7 37. Rh7 Qg8 38. Ne4 Qd5 39. Nxf6 Qxf5+ 40.
Qf3+ Qxf3+ 41. gxf3 Rf8 42. Rxe7 Rxf6 43. Rhh7 Rc8 44. Ke3 Kb6 45. Ke4 a5 46.
f4 a4 47. f5 b4 48. Kf4 a3 49. bxa3 bxa3 50. Kg5 Rff8 51. f6 a2 52. Rh1 Rg8+
53. Rg7 Kc6 54. Kg6 Rgf8 55. Ra1 Ra8 56. f7 Kd7 57. Kf6 Ra3 58. d5 Rf3+ 1/2-1/2

[Event "II Weekend"]
[Site "Lesa ITA"]
[Date "2013.09.21"]
[Round "2"]
[White "Zlatin, Alexander"]
[Black "Paleologu, Vladimir"]
[WhiteElo "1884"]
[BlackElo "2151"]
[Result "0-1"]
[PlyCount "84"]
[EventDate "2013.09.20"]

1. e4 d6 2. d4 Nf6 3. Nc3 Nbd7 4. Nf3 e5 5. dxe5 dxe5 6. Bd3 c6 7. h3 Qc7 8.
Be3 h6 9. O-O g5 10. Nd2 Nc5 11. Nb3 Ne6 12. Bc4 Nf4 13. Bxf4 gxf4 14. a4 a5
15. Qf3 Rg8 16. Rfd1 Qb6 17. Kf1 Be7 18. Rab1 Rg7 19. Nd2 Bd7 20. Bb3 O-O-O 21.
Nc4 Qc5 22. Rd2 Rdg8 23. Rbd1 Rxg2 24. Qxg2 Rxg2 25. Kxg2 f3+ 26. Kxf3 Bxh3 27.
Kg3 Bg4 28. f3 Be6 29. Nd6+ Kb8 30. Nf5 Nh5+ 31. Kh2 Bg5 32. Rg2 Nf4 33. Rgd2
Bxf5 34. exf5 Qe3 35. Kg3 Nh5+ 36. Kg2 Qf4 37. Ne4 Qxf5 38. Rd7 Nf4+ 39. Kf2
Qh3 40. R1d2 Qg2+ 41. Ke3 Nd5+ 42. Kd3 Qxf3+ 0-1

[Event "II Weekend"]
[Site "Lesa ITA"]
[Date "2013.09.21"]
[Round "3"]
[White "Angelini, Marco"]
[Black "Montilli, Vincenzo"]
[WhiteElo "2267"]
[BlackElo "2023"]
[Result "1-0"]
[PlyCount "95"]
[EventDate "2013.09.20"]

1. e4 c5 2. Nf3 d6 3. c3 Nf6 4. h3 Nc6 5. Bd3 g6 6. Bc2 Bg7 7. O-O O-O 8. Re1
Qc7 9. d4 cxd4 10. cxd4 b6 11. Nc3 e5 12. Be3 Ba6 13. Rc1 Qb7 14. d5 Ne7 15.
Bd3 Bxd3 16. Qxd3 a6 17. Nd2 b5 18. Nb3 Qd7 19. Na5 Rfc8 20. f3 Nh5 21. Ne2 f5
22. Rxc8+ Rxc8 23. Rc1 Nf4 24. Rxc8+ Nxc8 25. Nxf4 exf4 26. Bxf4 Bxb2 27. Nc6
Bf6 28. Qa3 fxe4 29. fxe4 g5 30. Bg3 g4 31. h4 Qb7 32. Bxd6 Bxh4 33. Bf4 Qb6+
34. Qe3 Qxe3+ 35. Bxe3 Kf7 36. Ne5+ Ke7 37. Nxg4 Kd6 38. Bf4+ Kc5 39. g3 Be7
40. Kf2 Kd4 41. Kf3 b4 42. Ne3 Bf8 43. e5 Kc5 44. Ke4 a5 45. Nc2 Be7 46. Nd4
Kc4 47. Nc6 Nb6 48. Nxe7 1-0

[Event "II Weekend"]
[Site "Lesa ITA"]
[Date "2013.09.21"]
[Round "3"]
[White "Bargeri, Ludovico"]
[Black "Boschetti, Claudio"]
[WhiteElo "2066"]
[BlackElo "2152"]
[Result "1-0"]
[PlyCount "91"]
[EventDate "2013.09.20"]

1. d4 c5 2. d5 e5 3. e4 d6 4. c4 Nf6 5. Nc3 Be7 6. g3 Na6 7. Bg2 Nc7 8. Nge2 h5
9. h3 a6 10. a4 Rb8 11. a5 b5 12. axb6 Rxb6 13. O-O h4 14. g4 Rb4 15. b3 Nxg4
16. hxg4 Bxg4 17. f3 Bc8 18. Kh2 h3 19. Bh1 g5 20. Rb1 f6 21. Ba3 Rb8 22. b4
cxb4 23. Bxb4 Kf7 24. Ba5 Bd7 25. Rxb8 Qxb8 26. c5 Nb5 27. c6 Bc8 28. Qb3 Qa7
29. Nxb5 axb5 30. Bb4 Kg6 31. Qa3 Qb6 32. Bd2 b4 33. Qxb4 Qa6 34. Ng3 Qd3 35.
Qc3 Qb5 36. Ra1 Bd8 37. Qb4 Qd3 38. Ra3 Qc2 39. Qc3 Qb1 40. c7 Be7 41. Rb3 Qa2
42. Ra3 Qb1 43. Qb3 Qxb3 44. Rxb3 Kf7 45. Rb8 Re8 46. Nf5 1-0

[Event "II Weekend"]
[Site "Lesa ITA"]
[Date "2013.09.21"]
[Round "3"]
[White "Borin, Fabio"]
[Black "Gemelli, Giovanni"]
[WhiteElo "2103"]
[BlackElo "1854"]
[Result "1-0"]
[PlyCount "57"]
[EventDate "2013.09.20"]

1. d4 Nf6 2. Nf3 g6 3. Nc3 d5 4. Bf4 a6 5. Qd2 Bg7 6. Bh6 O-O 7. h4 Nc6 8. h5
Bxh6 9. Qxh6 Ng4 10. Qf4 b5 11. Rh4 b4 12. Na4 Qd6 13. Rxg4 Bxg4 14. Qxg4 a5
15. e3 e5 16. dxe5 Nxe5 17. Nxe5 Qxe5 18. Be2 c5 19. O-O-O Qd6 20. hxg6 hxg6
21. Bf3 Rac8 22. Bxd5 Qf6 23. f4 c4 24. e4 b3 25. axb3 cxb3 26. Bxb3 Qc6 27. f5
Rb8 28. Bd5 Qxa4 29. Qxg6+ 1-0

[Event "II Weekend"]
[Site "Lesa ITA"]
[Date "2013.09.21"]
[Round "3"]
[White "Buzio, Alberto"]
[Black "Gori, Andrea"]
[WhiteElo "1851"]
[BlackElo "2076"]
[Result "1-0"]
[PlyCount "175"]
[EventDate "2013.09.20"]

1. e4 e5 2. Nf3 Nc6 3. d4 exd4 4. Bc4 Bb4+ 5. c3 dxc3 6. O-O b6 7. a3 cxb2 8.
Bxb2 Bf8 9. Nc3 Bb7 10. Nd5 Na5 11. Ba2 c6 12. Ne3 d6 13. Nf5 f6 14. N3d4 Bc8
15. Nxg7+ Bxg7 16. Qh5+ Kd7 17. Qg4+ Kc7 18. Qxg7+ Ne7 19. Qxf6 Ng6 20. Qf7+
Qe7 21. Qxe7+ Nxe7 22. Nb5+ cxb5 23. Bxh8 Bb7 24. Bd4 Nc4 25. Bxc4 bxc4 26. f3
Nc6 27. Bc3 b5 28. Rab1 Kb6 29. Rfd1 Rd8 30. Bf6 Rd7 31. Rbc1 Nd8 32. e5 d5 33.
f4 Kc5 34. e6 Nxe6 35. f5 Nf4 36. Bd4+ Kd6 37. Kf2 a5 38. Rc3 b4 39. axb4 axb4
40. Re3 Kc6 41. f6 Kb5 42. Kf3 Nd3 43. Re7 Rxe7 44. fxe7 Bc6 45. Ke3 Be8 46. g4
Kc6 47. h4 Kd6 48. Bf6 Ke6 49. g5 Nc5 50. Ra1 Nb3 51. Ra6+ Kf7 52. h5 c3 53.
Ra7 c2 54. Bb2 d4+ 55. Kd3 Bb5+ 56. Kxc2 Bc4 57. g6+ hxg6 58. hxg6+ Ke8 59. g7
d3+ 60. Kd1 Bd5 61. g8=Q+ Bxg8 62. Ra8+ Kxe7 63. Rxg8 Kd6 64. Rd8+ Kc5 65. Rxd3
Kc4 66. Rh3 Nc5 67. Bg7 Ne4 68. Kc2 Nd6 69. Rh4+ Kd5 70. Kb3 Nf5 71. Rh5 Ke4
72. Bf8 Nd4+ 73. Kxb4 Ne6 74. Bc5 Kd3 75. Re5 Nf4 76. Re3+ Kd2 77. Kc4 Ng2 78.
Rg3 Nh4 79. Bd4 Ke2 80. Re3+ Kf1 81. Kd3 Kg2 82. Ke4 Ng6 83. Kf5 Nh4+ 84. Kg4
Ng6 85. Re1 Kh2 86. Re2+ Kh1 87. Kg3 Ne5 88. Rh2# 1-0

[Event "II Weekend"]
[Site "Lesa ITA"]
[Date "2013.09.21"]
[Round "3"]
[White "Cantoro, Daniele"]
[Black "Bianchi, Simone"]
[WhiteElo "2124"]
[BlackElo "1831"]
[Result "1/2-1/2"]
[PlyCount "142"]
[EventDate "2013.09.20"]

1. e4 d5 2. exd5 Nf6 3. d4 Nxd5 4. c4 Nb4 5. a3 N4c6 6. d5 Ne5 7. Be2 g6 8. f4
Ned7 9. Nf3 Bg7 10. Nc3 O-O 11. Be3 e5 12. dxe6 fxe6 13. O-O e5 14. Qd5+ Kh8
15. Nxe5 Nxe5 16. fxe5 Nc6 17. Qxd8 Rxd8 18. Ne4 Nxe5 19. Bg5 Rd4 20. Rad1 Rxd1
21. Rxd1 Bf5 22. Nc3 c6 23. h3 h6 24. Be3 Bc2 25. Rd6 a6 26. Re6 Rd8 27. Bxh6
Bxh6 28. Rxe5 Bg7 29. Re7 b5 30. cxb5 axb5 31. Rc7 Rd2 32. Rc8+ Kh7 33. Bf3 c5
34. Nxb5 Bd1 35. Bxd1 Rxd1+ 36. Kf2 Rd2+ 37. Kg3 Rxb2 38. Rxc5 Rb3+ 39. Kg4 Bf8
40. Rc7+ Kh6 41. Nc3 Rxa3 42. Nd5 Ra4+ 43. Kf3 Rd4 44. Nf6 Bg7 45. Ng4+ Kh7 46.
h4 Kg8 47. Re7 Kf8 48. Re3 Kg8 49. g3 Rb4 50. Ra3 Kh7 51. Nf2 Rc4 52. Nh3 Rc3+
53. Rxc3 Bxc3 54. Nf4 Kh6 55. Nd5 Bh8 56. g4 Ba1 57. Ne7 Kg7 58. g5 Kf7 59. Nd5
Ke6 60. Ke4 Bb2 61. Nf4+ Kf7 62. Nd3 Ba1 63. Kd5 Bc3 64. Ne5+ Kg7 65. Ng4 Bb2
66. Ke6 Bc3 67. Ke7 Bb4+ 68. Kd7 Bc3 69. Kd6 Bb4+ 70. Ke5 Bc3+ 71. Ke4 Bb2
1/2-1/2

[Event "II Weekend"]
[Site "Lesa ITA"]
[Date "2013.09.21"]
[Round "3"]
[White "Fattorelli, Luciano"]
[Black "Agnello, Francesco Claudio"]
[WhiteElo "1928"]
[BlackElo "1735"]
[Result "1-0"]
[PlyCount "89"]
[EventDate "2013.09.20"]

1. e4 d5 2. exd5 Nf6 3. Nf3 Nxd5 4. d4 g6 5. c3 Bg7 6. Bd3 O-O 7. O-O Nc6 8.
Re1 e6 9. Nbd2 a5 10. a4 b6 11. Ne4 Ba6 12. Bb5 Bxb5 13. axb5 Na7 14. c4 Ne7
15. Bg5 h6 16. Bf6 Bxf6 17. Nxf6+ Kg7 18. Qe2 Qd6 19. Ne4 Qd8 20. Rad1 Qc8 21.
d5 exd5 22. Nf6 Qe6 23. Nxd5 Qxe2 24. Rxe2 Nxd5 25. Rxd5 Rad8 26. Red2 Rxd5 27.
Rxd5 f6 28. Nd4 Re8 29. Rd7+ Kf8 30. Kf1 Re7 31. Rxc7 Rxc7 32. Ne6+ Kf7 33.
Nxc7 Nc8 34. Ke2 f5 35. Kd3 Ke7 36. Nd5+ Kd6 37. Kd4 Ke6 38. Nf4+ Kf7 39. Kd5
g5 40. Nd3 Ke7 41. Kc6 Nd6 42. b3 a4 43. bxa4 Nxc4 44. Nb4 Nb2 45. Nd5+ 1-0

[Event "II Weekend"]
[Site "Lesa ITA"]
[Date "2013.09.21"]
[Round "3"]
[White "Floris, Federico"]
[Black "Maffeo, Mauro"]
[WhiteElo "1854"]
[BlackElo "1727"]
[Result "1-0"]
[PlyCount "123"]
[EventDate "2013.09.20"]

1. e4 e6 2. d4 d5 3. Nc3 Nf6 4. Bg5 Be7 5. e5 Nfd7 6. Bxe7 Qxe7 7. f4 a6 8. Nf3
c5 9. Bd3 c4 10. Be2 b5 11. Qd2 Nc6 12. Nd1 f5 13. O-O h6 14. c3 Rg8 15. Kh1 g5
16. fxg5 hxg5 17. Qe1 Rh8 18. Qg3 g4 19. Nd2 Nf8 20. Bxg4 fxg4 21. Qxg4 Qh4 22.
Qxh4 Rxh4 23. Ne3 Ne7 24. g3 Rh8 25. Ng4 Nf5 26. Kg2 Bb7 27. Rf2 Nh7 28. Nf1
Ke7 29. Nfe3 Nxe3+ 30. Nxe3 Raf8 31. Raf1 Rxf2+ 32. Rxf2 Ng5 33. Ng4 Ne4 34.
Rf1 a5 35. a3 Ba6 36. Nf6 b4 37. axb4 Nxf6 38. exf6+ Kf7 39. bxa5 Rb8 40. Rf2
Re8 41. g4 e5 42. dxe5 Rxe5 43. h4 Bb7 44. Kg3 Bc6 45. h5 Re4 46. Rf4 Re3+ 47.
Kh4 Re4 48. Rxe4 dxe4 49. Kg3 Kxf6 50. Kf4 Bb7 51. g5+ Kg7 52. Ke3 Kf7 53. Kd4
Kg7 54. a6 Bd5 55. a7 Bb7 56. Kxc4 Kf7 57. Kd4 Kg7 58. c4 Kh7 59. b4 Kg7 60. b5
Kh7 61. c5 Kg7 62. c6 1-0

[Event "II Weekend"]
[Site "Lesa ITA"]
[Date "2013.09.21"]
[Round "3"]
[White "Giovarruscio, Gabriele"]
[Black "Zlatin, Alexander"]
[WhiteElo "1691"]
[BlackElo "1884"]
[Result "0-1"]
[PlyCount "78"]
[EventDate "2013.09.20"]

1. c4 e6 2. g3 Nf6 3. Bg2 Be7 4. Nc3 d5 5. cxd5 exd5 6. d3 O-O 7. Nf3 b6 8. O-O
Bb7 9. Qc2 c5 10. e4 d4 11. Ne2 Nxe4 12. Nfxd4 cxd4 13. Bf4 Nc5 14. Bxb7 Nxb7
15. Qc4 Bf6 16. Rac1 Nc5 17. Bxb8 Rxb8 18. a4 Qd7 19. a5 Ne6 20. axb6 axb6 21.
Qa6 Ng5 22. f3 Rfe8 23. Nf4 Nh3+ 24. Nxh3 Qxh3 25. Qa7 Qf5 26. Rce1 h6 27. Re4
Red8 28. g4 Qb5 29. Rd1 Qxb2 30. Qc7 Rbc8 31. Qg3 Rc1 32. Rde1 Rdc8 33. f4
Rxe1+ 34. Rxe1 Rc1 35. h3 Qd2 36. Rf1 Qe3+ 37. Qxe3 Rxf1+ 38. Kxf1 dxe3 39. Ke2
Bd4 0-1

[Event "II Weekend"]
[Site "Lesa ITA"]
[Date "2013.09.21"]
[Round "3"]
[White "Mantovan, Giuseppe"]
[Black "Gardi, Giuseppe"]
[WhiteElo "1829"]
[BlackElo "1999"]
[Result "1-0"]
[PlyCount "81"]
[EventDate "2013.09.20"]

1. d4 d6 2. c4 Nf6 3. Nc3 g6 4. e4 Bg7 5. f4 O-O 6. Nf3 c5 7. d5 e6 8. Be2 exd5
9. exd5 Re8 10. O-O Bf5 11. Bd3 Bxd3 12. Qxd3 Na6 13. a3 Qd7 14. f5 Qxf5 15.
Qxf5 gxf5 16. Bf4 Ne4 17. Nh4 Bd4+ 18. Kh1 Nf2+ 19. Rxf2 Bxf2 20. Nxf5 Re1+ 21.
Rxe1 Bxe1 22. Ne4 f6 23. h3 Ba5 24. Bxd6 Kf7 25. Bg3 Bc7 26. Ned6+ Kf8 27. Kh2
b6 28. Nb5 Bxg3+ 29. Kxg3 Re8 30. Kf3 Nb8 31. Nxa7 Re1 32. b4 Rc1 33. Ne3 Nd7
34. bxc5 bxc5 35. Ke4 Ne5 36. Nc6 Nd7 37. Kd3 Ne5+ 38. Kd2 Ra1 39. Kc3 Nd7 40.
d6 Ke8 41. Kd3 1-0

[Event "II Weekend"]
[Site "Lesa ITA"]
[Date "2013.09.21"]
[Round "3"]
[White "Paleologu, Vladimir"]
[Black "Naumkin, Igor"]
[WhiteElo "2151"]
[BlackElo "2461"]
[Result "0-1"]
[PlyCount "84"]
[EventDate "2013.09.20"]

1. e4 e6 2. d4 d5 3. e5 c5 4. c3 Nc6 5. g3 Qb6 6. Ne2 cxd4 7. cxd4 f6 8. f4 Nh6
9. Bh3 fxe5 10. fxe5 Bb4+ 11. Nbc3 O-O 12. Rf1 Bd7 13. a3 Rxf1+ 14. Kxf1 Rf8+
15. Kg2 Bxc3 16. bxc3 Nf5 17. Qd3 Na5 18. Rb1 Qd8 19. Nf4 b6 20. Rb2 Nc4 21.
Rf2 Qe8 22. Bg4 Bb5 23. Bxf5 Rxf5 24. Qc2 Bd7 25. Nh3 Rxf2+ 26. Nxf2 Qf8 27.
Qb3 a5 28. h4 h6 29. Qb1 Be8 30. Nh3 Bh5 31. Nf4 Bg4 32. h5 Nxa3 33. Qxb6 Nc4
34. Qb1 a4 35. Kg1 a3 36. Ng6 Qe8 37. Qb7 Bxh5 38. Nf4 Bg4 39. Qa7 Qf7 40. Qa8+
Kh7 41. Bxa3 Qf5 42. Qb7 Nxa3 0-1

[Event "II Weekend"]
[Site "Lesa ITA"]
[Date "2013.09.21"]
[Round "3"]
[White "Sirena, Gianni"]
[Black "Raineri, Valerio"]
[WhiteElo "2013"]
[BlackElo "2125"]
[Result "1/2-1/2"]
[PlyCount "63"]
[EventDate "2013.09.20"]

1. e4 e5 2. f4 exf4 3. Nf3 d6 4. d4 g5 5. h4 g4 6. Ng1 Qf6 7. Nc3 c6 8. Nge2
Bh6 9. g3 fxg3 10. Nxg3 Bxc1 11. Rxc1 Ne7 12. Qd2 h5 13. Qf2 Qxf2+ 14. Kxf2 f5
15. Ke3 d5 16. e5 Nd7 17. Bd3 Nf8 18. Rcf1 Be6 19. Nce2 O-O-O 20. Nf4 Bd7 21.
Ng2 Nfg6 22. Bxf5 Rdf8 23. Bd3 Rf3+ 24. Rxf3 gxf3 25. Kxf3 Bg4+ 26. Ke3 Rf8 27.
Rf1 Rg8 28. Nf5 Bh3 29. Rf2 Nxf5+ 30. Bxf5+ Bxf5 31. Rxf5 Nxe5 32. Rxe5 1/2-1/2

[Event "II Weekend"]
[Site "Lesa ITA"]
[Date "2013.09.21"]
[Round "3"]
[White "Tortorella, Giancarlo"]
[Black "Cacciola, Alfredo"]
[WhiteElo "1853"]
[BlackElo "2109"]
[Result "0-1"]
[PlyCount "104"]
[EventDate "2013.09.20"]

1. e4 c5 2. Nf3 d6 3. Bc4 Nc6 4. c3 Nf6 5. d3 g6 6. O-O Bg7 7. a3 O-O 8. h3 Rb8
9. Nbd2 b5 10. Ba2 Nd7 11. Re1 b4 12. axb4 cxb4 13. Qc2 bxc3 14. bxc3 Qc7 15.
Bb1 Nb4 16. Qa4 Nc5 17. Qxa7 Rb7 18. Qa5 Nbxd3 19. Bxd3 Nxd3 20. Qxc7 Rxc7 21.
Rd1 Rxc3 22. Rb1 Be6 23. Ne1 Nxc1 24. Rbxc1 Rfc8 25. Rxc3 Rxc3 26. Rb1 Bh6 27.
Ndf3 f5 28. Nd4 Bc8 29. exf5 gxf5 30. Kh2 Kf7 31. Rb5 Rc5 32. Rb8 Bf4+ 33. g3
Be5 34. Ndf3 Bf6 35. Kg2 Bd7 36. Nd3 Rc3 37. Nb4 Rb3 38. Nd2 Rxb4 39. Rxb4 Bc3
40. Rh4 Bxd2 41. Rxh7+ Kf6 42. Kf3 Bb5 43. h4 d5 44. Rh8 d4 45. Rb8 Bc4 46. Rc8
Bf1 47. h5 d3 48. Rc6+ e6 49. g4 Be2+ 50. Kg3 fxg4 51. Rd6 Bg5 52. f4 gxf3 0-1

[Event "II Weekend"]
[Site "Lesa ITA"]
[Date "2013.09.22"]
[Round "4"]
[White "Bianchi, Simone"]
[Black "Fattorelli, Luciano"]
[WhiteElo "1831"]
[BlackElo "1928"]
[Result "0-1"]
[PlyCount "120"]
[EventDate "2013.09.20"]

1. e4 c5 2. Nf3 d6 3. d4 cxd4 4. Nxd4 Nf6 5. Nc3 a6 6. Be2 e6 7. Be3 Be7 8. Qd2
Nc6 9. g4 Nxd4 10. Bxd4 e5 11. Be3 Bxg4 12. f3 Be6 13. Rg1 g6 14. Bh6 Qc7 15.
O-O-O O-O-O 16. Be3 d5 17. exd5 Nxd5 18. Nxd5 Rxd5 19. Bd3 Rhd8 20. Kb1 Bc5 21.
Bg5 Bxg1 22. Bxd8 Rxd8 23. Rxg1 Bc4 24. Rg4 Bxd3 25. cxd3 Kb8 26. Rb4 Qc6 27.
Qe2 Qd5 28. Rb3 Qd4 29. a3 Rc8 30. Rb4 Qd5 31. h4 Rd8 32. Kc2 f6 33. Qe3 Rc8+
34. Kb1 Qc5 35. Qe4 Qc2+ 36. Ka2 Qc6 37. Qe3 Rd8 38. Kb1 Rd5 39. Rc4 Qd6 40.
Kc2 Qd7 41. f4 Qd6 42. fxe5 Qxe5 43. Re4 Qc7+ 44. Kb1 Re5 45. d4 Rxe4 46. Qxe4
Qd6 47. h5 gxh5 48. Qxh7 Qxd4 49. Qxh5 Qe4+ 50. Kc1 f5 51. Kd2 f4 52. Qh6 Qd4+
53. Ke1 Ka7 54. Qh2 Qe4+ 55. Kd2 Qd4+ 56. Kc2 Qe3 57. b4 f3 58. Qd2 Qxd2+ 59.
Kxd2 Kb6 60. Ke3 Kb5 0-1

[Event "II Weekend"]
[Site "Lesa ITA"]
[Date "2013.09.22"]
[Round "4"]
[White "Buzio, Alberto"]
[Black "Borin, Fabio"]
[WhiteElo "1851"]
[BlackElo "2103"]
[Result "0-1"]
[PlyCount "82"]
[EventDate "2013.09.20"]

1. e4 d5 2. exd5 Qxd5 3. Nc3 Qa5 4. d4 c6 5. Nf3 Nf6 6. Bd2 Bg4 7. Bc4 e6 8.
O-O Qh5 9. Be2 Bd6 10. Ne5 Bxe2 11. Qxe2 Qxe2 12. Nxe2 Nbd7 13. f4 c5 14. c3 g6
15. Rad1 cxd4 16. cxd4 Ne4 17. Nc3 Nxc3 18. bxc3 Nb6 19. Rf3 Rc8 20. Ng4 Nd5
21. g3 b5 22. Ne3 Nxc3 23. Bxc3 Rxc3 24. Kg2 Ra3 25. Rd2 O-O 26. Rc2 Rd8 27.
Ng4 Ra4 28. d5 exd5 29. Nf6+ Kg7 30. Nxd5 Rd4 31. Ne3 Bb4 32. Nf1 Rd3 33. g4 a5
34. h4 Be1 35. h5 gxh5 36. gxh5 b4 37. Re2 Rxf3 38. Kxf3 Bc3 39. Kg4 a4 40. Kf5
b3 41. h6+ Kf8 0-1

[Event "II Weekend"]
[Site "Lesa ITA"]
[Date "2013.09.22"]
[Round "4"]
[White "Cacciola, Alfredo"]
[Black "Bargeri, Ludovico"]
[WhiteElo "2109"]
[BlackElo "2066"]
[Result "1/2-1/2"]
[PlyCount "47"]
[EventDate "2013.09.20"]

1. e4 e6 2. d4 d5 3. Nc3 Bb4 4. e5 c5 5. a3 Bxc3+ 6. bxc3 Qc7 7. Qg4 f5 8. Qg3
cxd4 9. cxd4 Ne7 10. Bd2 O-O 11. Bd3 b6 12. Nf3 Ba6 13. Bxa6 Nxa6 14. O-O Ng6
15. h4 Rfe8 16. h5 Nf8 17. h6 g6 18. c3 Nb8 19. a4 Nc6 20. Bc1 Na5 21. Ba3 Nc4
22. Bxf8 Rxf8 23. Ng5 Qd7 24. f4 1/2-1/2

[Event "II Weekend"]
[Site "Lesa ITA"]
[Date "2013.09.22"]
[Round "4"]
[White "Mantovan, Giuseppe"]
[Black "Sirena, Gianni"]
[WhiteElo "1829"]
[BlackElo "2013"]
[Result "1/2-1/2"]
[PlyCount "80"]
[EventDate "2013.09.20"]

1. d4 Nf6 2. c4 c5 3. d5 b5 4. cxb5 a6 5. bxa6 g6 6. Nc3 Bxa6 7. f4 Bg7 8. Nf3
d6 9. e4 Bxf1 10. Rxf1 O-O 11. Qe2 Na6 12. Kf2 Qb6 13. Kg1 Rfb8 14. e5 Ne8 15.
Re1 Nec7 16. Rd1 Nb4 17. a3 Qb7 18. Qc4 Qa6 19. Qxa6 Rxa6 20. f5 gxf5 21. Bf4
Nc2 22. Rac1 Nd4 23. exd6 exd6 24. b4 Nxf3+ 25. gxf3 cxb4 26. axb4 Rxb4 27. Ne2
Rb7 28. Ng3 Be5 29. Bxe5 dxe5 30. d6 Ne6 31. Rc8+ Kg7 32. d7 f4 33. Ne4 Ra2 34.
d8=Q Nxd8 35. Rcxd8 Rb3 36. R8d3 Rab2 37. Rxb3 Rxb3 38. Kf2 f5 39. Rd7+ Kg6 40.
Nd2 Rb2 1/2-1/2

[Event "II Weekend"]
[Site "Lesa ITA"]
[Date "2013.09.22"]
[Round "4"]
[White "Montilli, Vincenzo"]
[Black "Fabbri, Marcello"]
[WhiteElo "2023"]
[BlackElo "1772"]
[Result "1-0"]
[PlyCount "103"]
[EventDate "2013.09.20"]

1. d4 Nf6 2. c4 c5 3. d5 b5 4. cxb5 a6 5. b6 Bb7 6. Nc3 g6 7. e4 Qxb6 8. Nf3 d6
9. Be2 Bg7 10. O-O O-O 11. Nd2 Nfd7 12. Nc4 Qc7 13. a4 Ne5 14. Ne3 c4 15. f4
Nd3 16. Bxd3 cxd3 17. Qxd3 Nd7 18. Bd2 Nc5 19. Qc2 Rfc8 20. a5 Rab8 21. Ra3 Ba8
22. Ned1 e6 23. Re1 Nb7 24. b4 Qc4 25. dxe6 fxe6 26. Qa2 Qxa2 27. Nxa2 Nd8 28.
Rd3 d5 29. exd5 Bxd5 30. Nac3 Bc4 31. Rd7 Nc6 32. Ne3 Bd4 33. Kh1 Bxe3 34. Rxe3
Nxb4 35. Rh3 h5 36. Rg3 Nd5 37. Rxg6+ Kf8 38. h4 Ne7 39. Rh6 Rd8 40. Rh8+ Ng8
41. Rxd8+ Rxd8 42. Ne4 Kg7 43. Rxh5 Nh6 44. Bc3+ Kg6 45. Rg5+ Kf7 46. Rg7+ Kf8
47. Rh7 Rd1+ 48. Kh2 Ng4+ 49. Kg3 Be2 50. Nf2 Rc1 51. Rc7 Ne3 52. Bb4+ 1-0

[Event "II Weekend"]
[Site "Lesa ITA"]
[Date "2013.09.22"]
[Round "4"]
[White "Nai, Giovanni"]
[Black "Cantoro, Daniele"]
[WhiteElo "1827"]
[BlackElo "2124"]
[Result "0-1"]
[PlyCount "64"]
[EventDate "2013.09.20"]

1. e4 c5 2. Nf3 Nc6 3. d4 cxd4 4. Nxd4 g6 5. Nc3 Bg7 6. Be3 Nf6 7. Be2 O-O 8.
Qd2 d5 9. Nxc6 bxc6 10. exd5 cxd5 11. Rd1 Bb7 12. Bf3 Ba6 13. Be2 Bxe2 14. Qxe2
e5 15. Bg5 d4 16. Ne4 Qa5+ 17. Bd2 Qxa2 18. Nxf6+ Bxf6 19. Bh6 Rfc8 20. O-O
Qxb2 21. Rc1 Qb6 22. Ra1 a5 23. Rfb1 Qc6 24. Qg4 a4 25. h4 a3 26. Ra2 Qe6 27.
Qxe6 fxe6 28. Rb6 Re8 29. g3 Kf7 30. Kf1 Be7 31. Rb7 Reb8 32. Rxb8 Rxb8 0-1

[Event "II Weekend"]
[Site "Lesa ITA"]
[Date "2013.09.22"]
[Round "4"]
[White "Naumkin, Igor"]
[Black "Angelini, Marco"]
[WhiteElo "2461"]
[BlackElo "2267"]
[Result "1/2-1/2"]
[PlyCount "30"]
[EventDate "2013.09.20"]

1. d4 d5 2. c4 e6 3. Nc3 c6 4. e3 Nf6 5. Nf3 Nbd7 6. Qc2 Bd6 7. Bd3 O-O 8. O-O
b6 9. e4 dxe4 10. Nxe4 e5 11. d5 Bb7 12. dxc6 Bxc6 13. Bg5 Qc7 14. Qe2 Bc5 15.
Rad1 Rfe8 1/2-1/2

[Event "II Weekend"]
[Site "Lesa ITA"]
[Date "2013.09.22"]
[Round "4"]
[White "Paniga, Danilo"]
[Black "Paleologu, Vladimir"]
[WhiteElo "1852"]
[BlackElo "2151"]
[Result "0-1"]
[PlyCount "50"]
[EventDate "2013.09.20"]

1. d4 d6 2. Nf3 g6 3. Nbd2 f5 4. e4 Bg7 5. c3 e6 6. Bd3 Ne7 7. O-O f4 8. Nc4
O-O 9. Nfd2 b5 10. Na3 a6 11. Nc2 c5 12. a4 c4 13. Be2 Bb7 14. axb5 axb5 15.
Rxa8 Bxa8 16. Nb4 Nbc6 17. Nxc6 Bxc6 18. b3 d5 19. f3 e5 20. bxc4 bxc4 21. exd5
Bxd5 22. Nxc4 exd4 23. cxd4 Nf5 24. Bxf4 Nxd4 25. Re1 Rxf4 0-1

[Event "II Weekend"]
[Site "Lesa ITA"]
[Date "2013.09.22"]
[Round "4"]
[White "Raineri, Valerio"]
[Black "Floris, Federico"]
[WhiteElo "2125"]
[BlackElo "1854"]
[Result "1/2-1/2"]
[PlyCount "100"]
[EventDate "2013.09.20"]

1. e4 e5 2. Nf3 Nc6 3. Bb5 Nf6 4. d3 Bc5 5. c3 d6 6. Nbd2 a6 7. Ba4 O-O 8. Nf1
Ne7 9. Be3 Bxe3 10. fxe3 Ng6 11. Ng3 c6 12. O-O d5 13. exd5 cxd5 14. Qd2 b5 15.
Bc2 Bb7 16. h3 Qc7 17. Nf5 Bc8 18. Nh2 Ne7 19. g4 Nxf5 20. gxf5 e4 21. Qg2 exd3
22. Bxd3 Bb7 23. Nf3 Rae8 24. Rae1 b4 25. cxb4 d4 26. exd4 Qb6 27. Rxe8 Rxe8
28. Rf2 Qxb4 29. Qg3 Bxf3 30. Qxf3 Qxd4 31. Kg2 a5 32. b3 h6 33. Bc4 Kf8 34.
Qb7 Qe4+ 35. Qxe4 Nxe4 36. Rf4 Nd6 37. Kf3 Re5 38. Bd3 Ke7 39. Kg4 Kf6 40. h4
h5+ 41. Kxh5 g6+ 42. Kg4 gxf5+ 43. Kf3 Kg7 44. a3 Re1 45. b4 Ra1 46. Rd4 Ne4
47. bxa5 Rxa3 48. Rd5 Nf6 49. Rd4 Rxa5 50. Kf4 Nh5+ 1/2-1/2